Library Banner

اردو زبان مسائل اور امکانات (Record no. 80920)

MARC details
000 -LEADER
fixed length control field 00414nam a22001457a 4500
005 - DATE AND TIME OF LATEST TRANSACTION
control field 20151211153641.0
008 - FIXED-LENGTH DATA ELEMENTS--GENERAL INFORMATION
fixed length control field 151211b xxu||||| |||| 00| 0 eng d
040 ## - CATALOGING SOURCE
Transcribing agency PK-LaUMT
082 ## - DEWEY DECIMAL CLASSIFICATION NUMBER
Classification number MSC 060
Item number SHO-U
100 ## - MAIN ENTRY--PERSONAL NAME
Personal name شوکت علی
245 ## - TITLE STATEMENT
Title اردو زبان مسائل اور امکانات
Statement of responsibility, etc شوکت علی
260 ## - PUBLICATION, DISTRIBUTION, ETC. (IMPRINT)
Place of publication, distribution, etc لاہور
Name of publisher, distributor, etc خزینہ علم و ادب
Date of publication, distribution, etc 2004
300 ## - PHYSICAL DESCRIPTION
Extent 262 ص
942 ## - ADDED ENTRY ELEMENTS (KOHA)
Koha item type Books
Holdings
Withdrawn status Lost status Damaged status Home library Current library Date acquired Full call number Barcode Date last seen Price effective from Koha item type
      UMT Main Campus UMT Main Campus 2015-12-11 MSC 060 SHO-U 95111 2015-12-11 2015-12-11 Books